LDR 00970naa#a2200181#i#450# 001 RU\\bibl\117018 005 20260701101617.3 011 ## _a2658-3488 100 ## _a20260330b2026####ek#y0rusy0150####ca 102 ## _aRU 200 1# _aСРАВНЕНИЕ НАДЕЖНОСТИ ИСТОЧНИКОВ БЕСПЕРЕБОЙНОГО ПИТАНИЯ В РАЗЛИЧНЫХ СИСТЕМАХ РЕЗЕРВИРОВАНИЯ _eЖурнальная статья 210 1# _aБрянск _cБрянский государственный технический университет _d2026 215 ## _a6 с. 608 ## _aЖурнальная статья _2local 675 ## _aПреобразование постоянного тока в переменный и наоборот при помощи преобразователей. 621.314.58 _z 700 #1 _aСиротский _gМаксим Сергеевич 700 #1 _aПугачев _gАлександр Анатольевич 856 4# _anaukaru.ru _u